000 01201nam a2200301 a 4500
001 000023059
005 20240513194009.0
008 101125s1997 ag a 001 0 spa d
020 _a0201653702
040 _aDO-SdBNP
_bspa
_cBNPHU
082 _a005.74
_bE48s, 1997
100 1 _aElmasri, Ramez
_947463
240 1 0 _aFundamentals of database systems.
_lEspañol
245 1 0 _aSistemas de bases de datos :
_bconceptos fundamentales /
_cRamez Elmasri, Shamkant B. Navathe; traducción de Roberto Escalona García ; colaboración de Felipe López Gamino y Arantza Illarramendi.
250 _a2a ed.
260 _aBuenos Aires, Argentina :
_bAddison Wesley Iberoamericana,
_c1997.
300 _axxii, 887 p. :
_bil. ;
_c24 cm.
500 _aIncluye índice de materias y vocabulario técnico bilingüe.
534 _aTítulo original:
_tFundamentals of database systems
650 0 _aAdministración de bases de datos
_947290
650 4 _aDiseño de bases de datos
_947289
700 1 _aNavathe, Shamkant B.
_947464
700 1 _aEscalona García, Roberto,
_etr.
_945091
700 1 _aLópez Gamino, Felipe
_947465
700 1 _aIllarramendi, Arantza
_947466
910 _aWM
049 _aBNGR
999 _c22556
_d22556